000 00221 a2200097 4500
001 49556
100 _aAC Gimson
245 _aAn introduction to the english
260 _aLondon
_bEdward arnold
_c
090 _c32082
_d32082
942 _aNUST-CAE
_cM
_c24539
999 _c284629
_d284629